000 00473nam a2200133Ia 4500
008 100328s9999 xx 000 0 und d
082 _b13004
100 _aमाडगूळकर व्यंकटेश
245 _aमराठी साहित्य-दर्शन
260 _bलोकसंग्रह
630 _aमराठी साहित्य-दर्शन
730 _aमराठी साहित्य-दर्शन
942 _cBOOK
999 _c508224
_d508221